00438nam a2200157 i 450000100060000000300090000600500170001500700030003200800410003510000190007624500840009525000120017926000410019130000270023285200210025944758ES-MaACL20230906161105.0t|030324s1921 xxk ||||1| eng d1 aClarc, George.12aA money-market primer and key to the exchanges / cwith diagms by George Clarc. a2nd ed. aLondon : bEffingham Wilson, c1921. aXIV, 172 p. ; c22 cm. aES-MaACLjF-3608